Responses for Show #2071 - Monday, September 13, 1993

Brian Moore game 5.

Contestants

[<< previous game]

Victor Berrellez, a commercial banker from Sherman Oaks, California

Leslie Woods, a sales administrator originally from Shenandoah, Pennsylvania

Brian Moore, a teacher from Austin, Texas (whose 4-day cash winnings total $49,402)

[next game >>]

Jeopardy! Round responses

U.S.A.
THE 1993 GOLDEN GLOBES
MAGAZINES
THE ELEMENTS
JUST DESSERTS
CROSSWORD CLUES "M"
(Alex: Each correct response will begin with the letter M. I will give you a clue and tell you how many letters and you have to come up with the word.)
    $100 1
Switzerland

Leslie
    $100 24
Roseanne

Brian
    $100 13
Gardens

Brian
    $100 16
fireworks

Victor
    $100 11
vanilla ice cream

Victor
    $100 6
meow

Victor
    $200 2
the state flower

Triple Stumper
    $200 25
Robin Williams

Brian
    $200 15
Mad magazine

Victor
    $200 17
cobalt

Victor
    $200 12
angel food cake

Leslie
    $200 7
magi

Brian
    $300 3
Washington, D.C.

Brian
    $300 26
Al Pacino

Brian
    $300 19
Sesame Street

Leslie
    $300 18
helium

Leslie
    $300 14
ambrosia

Victor
    $300 8
machete

Victor
    $400 4
Sea World

Victor
    $400 27
Unforgiven

Victor
    $400 20
the Dalai Lama

Brian
    $400 21
(Alex: And that's our first attempt at cutesy humor on Jeopardy! this season.)

bismuth

Brian
    $400 29
(Victor: What is a crêpes?)
(Alex: Be more specific.)

crêpes Suzette

Victor
    $400 9
memoir

Victor
    $400 5
(Victor: What is Alabama?)
(Alex: No, sorry. If you visit New Orleans, you'll be able to visit his home.
It's in [*].)

Louisiana

Victor
    $500 28
Joan Plowright

Leslie
    $500 23
(Victor: What is Life?)

Look

LeslieVictor
    $500 22
carbon

Leslie
    $500 30
strudel

Brian
    $500 10
(Victor: What is maestro?)

Martin

Victor
Triple Stumper

Scores at the first commercial break (after clue 15):

Brian Leslie Victor
$600 $300 $900

Scores at the end of the Jeopardy! Round:

Brian Leslie Victor
$2,500 $2,400 $1,500

Double Jeopardy! Round responses

HISTORIC NAMES
NOTORIOUS
WORLD CITIES
VICE PRESIDENTS
SONG STANDARDS
LITERARY POTPOURRI
    $200 1
Golda Meir

Victor
    $200 11
Hitler

Brian
    $200 5
Buenos Aires

Brian
    $200 14
Harry Truman

Victor
    $200 21
Paris

Brian
    $200 23
(Brian: Who was Hamlet?)
...
(Alex: Yes, a different kind of Dane.)

Hans Christian Andersen

BrianVictor
    $400 2
the North Pole

Victor
    $400 12
Jack Ruby

Victor
    $400 7
Prague

Brian
    $400 15
Nixon

Brian
    $400 22
"I Got Rhythm"

Victor
    $400 24
Italy

Brian
    $600 3
(Brian: What is Denmark?)

Wales

BrianVictor
    $600 13
"Lucky" Luciano

Victor
    $600 8
the Philippines

Brian
    $600 18
(Brian: Who is Adams?--)
(Alex: Yes.)
(Brian: --[*].)
(Alex: Yes.)

John Adams

Brian
    $600 28
Garland

Brian
    $600 25
Mickey Spillane

Brian
    $800 4
the Rothschilds

Leslie
    $3,000 16
typhoid

Brian
    $3,000 9
Singapore

Brian
    $800 19
Ford

Brian
    $800 29
Noël Coward

Victor
    $800 26
Keats

Brian
    $1000 6
(Leslie: What is Brutus?)

Pompey

BrianLeslie
    $1000 17
Caryl Chessman

Victor
    $1000 10
Chile

Brian
    $1000 20
(Brian: Who were [*] and [**]?)
(Alex: No--yes. [***] was the other.)

(2 of) Johnson, Garner & George Bush

Brian
    $1000 30
(Brian: Who is Ziegfeld?)
[Brian pronounces the last syllable more like "field".]

Billy Rose

Brian
Triple Stumper
    $1000 27
Fannie Flagg

Brian

Scores at the end of the Double Jeopardy! Round:

Brian Leslie Victor
$16,500 $2,200 $6,300
(lock game)

[wagering suggestions for these scores]

Final Jeopardy! Round responses

LAKES
(Brian: [Under his breath after Alex reads his response] Right the first time.)
(Alex: If you knew that John Speke was one of those men who was looking for the source of the Nile, you would have been located in Africa, and [*] is the correct response. So it is going to cost you--)
(Woman's voice: Everything. Everything.)
(Alex: --how much?)
LeslieWhat's Lake Baikal?
$2,199
VictorWhat is Lake baikal
$1,500
BrianWhat is Lake Victori Caspian Sea?
$3,900
Lake Victoria

Final scores:

Brian Leslie Victor
$12,600 $1 $4,800
5-day champion: $62,002 3rd place: Bob Mitchell Designs fine hand-screened wall coverings & fabrics + Wheel of Fortune & Jeopardy! for the 16-bit Super Nintendo Entertainment System & the Sega Genesis System 2nd place: a trip to Tampa, Florida on Delta Airlines & a week at Saddlebrook Resort

Game dynamics:

Coryat scores:

Brian Leslie Victor
$12,100 $2,200 $6,700
27 R
(including 2 DDs),
3 W
8 R,
1 W
21 R,
3 W
(including 1 DD)

Combined Coryat: $21,000

[game clues] [game scores] [suggest correction]

Game tape date: 1993-07-20
The J! Archive is created by fans, for fans. Scraping, republication, monetization, and malicious use prohibited; this site may use cookies and collect identifying information. See terms. The Jeopardy! game show and all elements thereof, including but not limited to copyright and trademark thereto, are the property of Jeopardy Productions, Inc. and are protected under law. This website is not affiliated with, sponsored by, or operated by Jeopardy Productions, Inc. Join the discussion at JBoard.tv.